000 01269nam a2200229Ia 4500
003 Ost
005 20260507075433.0
008 260507s9999||||xx |||||||||||||| ||und||
040 _cfsecg
041 _aara
082 _a382
100 _aصادق، هشام علي
_eمؤلف
245 0 _aعقود التجارة الدولية /
_c هشام علي صادق
260 _aالاسكندرية:
_bدار المطبوعات الجامعية,
_c2007
300 _a1125 صفحة؛
_bإيضاحات ؛
_c24 سم
504 _aببليوغرافيا: ص.1079-1114
520 _aمعايير دولية العقد الدولي، النظرية الشخصية وافلات العقد الدولي من حكم القانون: النظرية الشخصية واندماج قانون الادارة في العقد، الشخصية لدى قضاء التحكيم، النظري الموضوعية وخضوع العقد الدولي لحكم القانون: خضوع العقد الدولي لحكم القانون وفقا لمنهج التنازل، خضوع العقد الدولي لحكم القانون وفقا للمنهج المباشر
653 _aالادارة
653 _aالتجارة الخارجية
653 _aالعقود
942 _cكتاب
999 _c44523
_d44523